National Conference on Equity & Growth (Record no. 487)
[ view plain ]
| 000 -LEADER | |
|---|---|
| fixed length control field | 00542nam a22001217a 4500 |
| 008 - FIXED-LENGTH DATA ELEMENTS--GENERAL INFORMATION | |
| fixed length control field | 230606b xxu||||| |||| 00| 0 eng d |
| 082 ## - DEWEY DECIMAL CLASSIFICATION NUMBER | |
| Classification number | 338.9696 |
| Item number | KSM |
| 110 ## - MAIN ENTRY--CORPORATE NAME | |
| Location of meeting | Kenya |
| Date of meeting or treaty signing | May 22-23, 2006 |
| 245 ## - TITLE STATEMENT | |
| Title | National Conference on Equity & Growth |
| Remainder of title | Towards a Policy Agenda for Kenya |
| Statement of responsibility, etc. | Society for International Development, ActionAid International Kenya, African Woman and Child Feature Service, Swedish International Development Cooperation Agency |
| 260 ## - PUBLICATION, DISTRIBUTION, ETC. (IMPRINT) | |
| Place of publication, distribution, etc. | Kenya |
| Name of publisher, distributor, etc. | Society for International Development |
| Date of publication, distribution, etc. | 2006 |
| 300 ## - PHYSICAL DESCRIPTION | |
| Extent | 202 p |
| 942 ## - ADDED ENTRY ELEMENTS (KOHA) | |
| Source of classification or shelving scheme | Dewey Decimal Classification |
| Koha item type | Books |
| Withdrawn status | Lost status | Source of classification or shelving scheme | Damaged status | Not for loan | Home library | Current library | Date acquired | Total Checkouts | Full call number | Barcode | Date last seen | Price effective from | Koha item type |
|---|---|---|---|---|---|---|---|---|---|---|---|---|---|
| Dewey Decimal Classification | Bunge Tower Library | Bunge Tower Library | 06/06/2023 | 338.9696 KSM | 1000229 | 06/06/2023 | 06/06/2023 | Books |
